Dizajn produktu ako konkurenčná výhoda vo firme Chemolak bakalárska práca

Salvato in:
Dettagli Bibliografici
Autore principale: Lacková, Ema
Ente Autore: Obchodná fakulta EU. Katedra tovaroznalectva a kvality tovaru
Altri autori: Knošková, Ľubica, 1965-
Natura: Libro
Lingua:slovacco
Pubblicazione: Bratislava 2013
Tags: Aggiungi Tag
Nessun Tag, puoi essere il primo ad aggiungerne!!

MARC

LEADER 00000nbm a2200000 4500
001 0171115
005 20161109112016.9
041 0 |a slo 
044 |a SK 
245 1 0 |a Dizajn produktu ako konkurenčná výhoda vo firme Chemolak  |b bakalárska práca  |c Ema Lacková ; školiteľ: Ľubica Knošková 
264 1 |a Bratislava  |c 2013 
300 |a 73 s. 
100 1 |a Lacková, Ema 
700 1 |a Knošková, Ľubica, 1965- 
710 2 |a Obchodná fakulta EU. Katedra tovaroznalectva a kvality tovaru